| 000 | 01540cam a2200169 4500 | ||
|---|---|---|---|
| 001 | ABS61150 | ||
| 008 | 000000n1999 000 0 eng u | ||
| 035 | _a(Sirsi) u101715 | ||
| 245 | _aR v Leicester City Council, W M Morrison Supermarkets plc and Powergen UK plc ex p Safeway Stores | ||
| 260 | _c1999 | ||
| 490 |
_aJournal of Planning and Environment Law _v[1999] JPL 691-697(7) |
||
| 520 | _aQBD 18 January 1999. On 20/9/94 Powergen applied to Leicester City Council for planning permission for a development on the former power station site. Permission was granted on 25/1/95. On 31/8/95, Safeway applied to build a store on the former cattle market site, and permission was granted on 13/3/96. The store began trading in July 1997. On 8/1/98 Powergen and Morrison applied for approval on matters relating to the permission of 25/1/95. They applied on 13/1/98 to change the conditions imposing a time limit for submission of reserved applications. On 27/4/98, Safeway contended that the reserved matters did not pertain to the planning permission. However, on 1/5/98 Council determined to approve the reserved matters. Safeway applied to judicially review the Council's decision of 20/5/98 to approve the reserved matters. Council questioned the delay in the judicial review, however Safeway contended the 6-week limit would apply to the later date. Appeal dismissed. | ||
| 650 | _aR V LEICESTER CITY COUNCIL AND OTHERS EX P SAFEWAY STORES | ||
| 650 | _aSUPERMARKETS | ||
| 690 | _aPROPERTY LAW AND PRACTICE-CASE LAW | ||
| 942 | _n0 | ||
| 999 |
_c60840 _d60840 |
||